| 000 | 00445nam a22001697a 4500 | ||
|---|---|---|---|
| 003 | NUST - PNEC | ||
| 005 | 20170116181155.0 | ||
| 008 | 160112b xxu||||| |||| 00| 0 eng d | ||
| 020 | _a- | ||
| 040 | _cLIBRARY | ||
| 082 | _a623.87 MAC | ||
| 100 |
_915893 _aMacgibbon, W.C. |
||
| 245 |
_aBot & marine engineering knowledge : steam and motor _cW.C. Macgibbon |
||
| 260 | _c- | ||
| 650 |
_915895 _aEngineering Knowledge _xME |
||
| 942 |
_2ddc _cBK |
||
| 999 |
_c71192 _d71192 |
||